Industrial minerals and extractive industry geology (Record no. 76496)
[ view plain ]
| 000 -LEADER | |
|---|---|
| fixed length control field | 01077nam a2200217 a 4500 |
| 008 - FIXED-LENGTH DATA ELEMENTS--GENERAL INFORMATION | |
| fixed length control field | 081203s2002 ||||||||||||||||| || u |
| 020 ## - INTERNATIONAL STANDARD BOOK NUMBER | |
| International Standard Book Number | 1862390991 |
| 050 ## - LIBRARY OF CONGRESS CALL NUMBER | |
| Classification number | TN 799.5 Ind |
| 100 ## - MAIN ENTRY--PERSONAL NAME | |
| Personal name | Bristow, Colin M |
| 245 10 - TITLE STATEMENT | |
| Title | Industrial minerals and extractive industry geology |
| Statement of responsibility, etc. | edited by Peter W. Scott and Colin M. Bristow |
| 260 ## - PUBLICATION, DISTRIBUTION, ETC. | |
| Place of publication, distribution, etc. | London: |
| Name of publisher, distributor, etc. | The Geological Society |
| Date of publication, distribution, etc. | 2002 |
| 300 ## - PHYSICAL DESCRIPTION | |
| Extent | vi, 376 pages : illustrations |
| 350 ## - | |
| -- | 0.00 |
| 650 #3 - SUBJECT ADDED ENTRY--TOPICAL TERM | |
| Topical term or geographic name entry element | MINERALS |
| 650 ## - SUBJECT ADDED ENTRY--TOPICAL TERM | |
| Topical term or geographic name entry element | NONFERROUS METALS |
| 650 ## - SUBJECT ADDED ENTRY--TOPICAL TERM | |
| Topical term or geographic name entry element | METALLURGY |
| 700 ## - ADDED ENTRY--PERSONAL NAME | |
| Personal name | Scott, Peter W |
| 995 ## - | |
| -- | MAIN LIBRARY OPEN ACCESS |
| -- | 0.00 |
| -- | 739261 |
| -- | CBU-MAIN LIBRARY (Kitwe) |
| -- | 1 |
| -- | 0.00 |
| -- | TN 799.5 IND |
| -- | 1 |
| -- | AVAILABLE |
| -- | Feb 4, 2009 |
| -- | 739261 |
| -- | Main Library Open Access Collection |
| 995 ## - | |
| -- | MAIN LIBRARY OPEN ACCESS |
| -- | 0.00 |
| -- | 739262 |
| -- | CBU-MAIN LIBRARY (Kitwe) |
| -- | 1 |
| -- | 0.00 |
| -- | TN 799.5 IND |
| -- | 2 |
| -- | AVAILABLE |
| -- | Feb 4, 2009 |
| -- | 739262 |
| -- | Main Library Open Access Collection |
| 995 ## - | |
| -- | ANNEX COLLECTION (Main Library) |
| -- | 0.00 |
| -- | 739263 |
| -- | CBU-MAIN LIBRARY (Kitwe) |
| -- | 1 |
| -- | 0.00 |
| -- | TN 799.5 IND |
| -- | 3 |
| -- | AVAILABLE |
| -- | Feb 4, 2009 |
| -- | 739263 |
| -- | Annex Low-Usage Collection |
| 999 ## - | |
| -- | 76496 |
| -- | 76496 |
| Withdrawn status | Lost status | Source of classification or shelving scheme | Damaged status | Not for loan | Permanent Location | Current Location | Shelving location | Date acquired | Total Checkouts | Full call number | Barcode | Date last seen | Copy number | Price effective from | Koha item type |
|---|---|---|---|---|---|---|---|---|---|---|---|---|---|---|---|
| CBU-MAIN LIBRARY, KITWE. | CBU-MAIN LIBRARY, KITWE. | 04/25/2023 | TN 799.5 Ind | 739261 | 04/25/2023 | 1 | 04/25/2023 | MONOGRAPH | |||||||
| CBU-MAIN LIBRARY, KITWE. | CBU-MAIN LIBRARY, KITWE. | 04/25/2023 | TN 799.5 Ind | 739262 | 04/25/2023 | 2 | 04/25/2023 | MONOGRAPH | |||||||
| CBU-MAIN LIBRARY, KITWE. | CBU-MAIN LIBRARY, KITWE. | 04/25/2023 | TN 799.5 Ind | 739263 | 04/25/2023 | 3 | 04/25/2023 | MONOGRAPH |